Schitt$ Creek. Seasons one & two / Not A Real ... Read More
Available copies
- 1 of 1 copy available at LARL/NWRL Consortium.
- 1 of 1 copy available at Northwest Regional Library. (Show preferred library)
Current holds
0 current holds with 1 total copy.
Show All Copies
| Location | Call Number / Copy Notes | Barcode | Shelving Location | Status | Due Date |
|---|---|---|---|---|---|
| Thief River Falls Public Library | DVD SCH (Text) | 35500006344616 | Main | Available | - |
Record details
- ISBN: 9786316656643
- ISBN: 6316656645
- Physical Description: 4 videodiscs (approximately 9 hr., 16 min.) : ... Read More
- Distributor: Santa Monica, CA : Lionsgate, [2016]
- Copyright: ©2016
Content descriptions
| General Note: | Title from disc surface. Subtitle from container. Originally broadcast on television 2015-2016. Bonus: Webisodes ; Deleted scenes ; Bloopers ; Trailers. |
| Formatted Contents Note: | Season 1. Our cup runneth over -- The drip -- ... Read More Season 2. Finding David -- Family dinner -- ... Read More |
| Creation/Production Credits Note: | Music, Maribeth Solomon. |
| Participant or Performer Note: | Eugene Levy, Catherine O'Hara, Daniel Levy, Annie ... Read More |
| Summary, etc.: | When filthy-rich video store magnate Johnny Rose, ... Read More |
| Target Audience Note: | TV rating: TV-MA. |
| System Details Note: | DVD ; Widescreen (16x9, 1.78:1) presentation ; ... Read More |
| Language Note: | Closed-captioned. Described video. |
Search for related items by subject
| Subject: | Families > Drama. Small cities > Drama. Bankruptcy > Drama. Actors > Drama. Actors Bankruptcy Families. Small cities |
Search for related items by series
| LDR | 05412cgm a2201057Ii 4500 | ||
|---|---|---|---|
| 001 | 277266 | ||
| 003 | LARL_NWRL_CONSORTIUM | ||
| 005 | 20180208181612.0 | ||
| 008 | 161108p20162015cau556 vleng d | ||
| 007 | vd cvaizu | ||
| 040 | . | ‡aOI6 ‡beng ‡cOI6 ‡dOCLCO ‡dPAP ‡dINR ‡dGP5 ‡dOCL ‡dOCLCF ‡dIZ8 ‡dOCLCQ ‡dKCK ‡dSFR ‡dOCLCO ‡dOCL ‡dOCLCA ‡dTEF | |
| 019 | . | ‡a965355315 | |
| 020 | . | ‡a9786316656643 | |
| 020 | . | ‡a6316656645 | |
| 024 | 1 | . | ‡a031398250203 |
| 024 | 7 | . | ‡a00031398250203 ‡2gtin-14 |
| 028 | 4 | 2. | ‡a50264 ‡bLionsgate |
| 035 | . | ‡a(OCoLC)962263901 ‡z(OCoLC)965355315 | |
| 041 | 0 | . | ‡aeng ‡jeng |
| 046 | . | ‡k2015 ‡l2016 | |
| 082 | 0 | 4. | ‡a791.45/72 ‡223 |
| 130 | 0 | . | ‡aSchitt's Creek (Television program). ‡nSeason 1-2. |
| 245 | 1 | 0. | ‡aSchitt$ Creek. ‡nSeasons one & two / ‡cNot A Real Company in association with the Canadian Broadcasting Corporation ; produced by Colin Brunton ; written by Daniel Levy, Kevin White, Michael Short, Chris Pozzebon, Amanda Walsh, Michael Grassi ; directed by Jerry Ciccoritti, Paul Fox. |
| 246 | 3 | . | ‡aSchitt's Creek. ‡nSeasons one and two |
| 246 | 3 | . | ‡aSchitt ‡ Creek. ‡nSeasons one and two |
| 246 | 3 | 0. | ‡aSchitt's Creek. ‡n[The complete first season] |
| 246 | 3 | 0. | ‡aSchitt's Creek. ‡nSeason one |
| 246 | 3 | 0. | ‡aSchitt's Creek. ‡n[The complete second season] |
| 246 | 3 | 0. | ‡aSchitt's Creek. ‡nSeason two |
| 257 | . | ‡aCanada ‡aUnited States ‡2naf | |
| 264 | 2. | ‡aSanta Monica, CA : ‡bLionsgate, ‡c[2016] | |
| 264 | 4. | ‡c©2016 | |
| 300 | . | ‡a4 videodiscs (approximately 9 hr., 16 min.) : ‡bsound, color ; ‡c12 cm | |
| 336 | . | ‡atwo-dimensional moving image ‡btdi ‡2rdacontent | |
| 337 | . | ‡avideo ‡bv ‡2rdamedia | |
| 338 | . | ‡avideodisc ‡bvd ‡2rdacarrier | |
| 344 | . | ‡adigital ‡boptical ‡gsurround ‡hDolby digital 5.1 ‡2rda | |
| 346 | . | ‡alaser optical ‡bNTSC ‡2rda | |
| 347 | . | ‡avideo file ‡bDVD video ‡dwidescreen ‡eRegion 1 ‡2rda | |
| 380 | . | ‡aTelevision program | |
| 490 | 0 | . | ‡aSchitt$ Creek ; ‡vSeasons 1-2 |
| 538 | . | ‡aDVD ; Widescreen (16x9, 1.78:1) presentation ; Dolby digital 5.1. | |
| 546 | . | ‡aClosed-captioned. | |
| 546 | . | ‡aDescribed video. | |
| 500 | . | ‡aTitle from disc surface. Subtitle from container. | |
| 511 | 1 | . | ‡aEugene Levy, Catherine O'Hara, Daniel Levy, Annie Murphy, Jennifer Robertson, Emily Hampshire, Tim Rozon, Sarah Levy, Chris Elliott. |
| 508 | . | ‡aMusic, Maribeth Solomon. | |
| 500 | . | ‡aOriginally broadcast on television 2015-2016. | |
| 520 | . | ‡aWhen filthy-rich video store magnate Johnny Rose, his soap star wife Moira and their two kids -- über-hipster son David and socialite daughter Alexis -- suddenly find themselves broke, they are forced to leave their pampered lives to regroup and rebuild their empire from within the rural city limits of their only remaining asset - Schitt's Creek, an armpit of a town they once bought as a joke. | |
| 500 | . | ‡aBonus: Webisodes ; Deleted scenes ; Bloopers ; Trailers. | |
| 505 | 0 | 0. | ‡gSeason 1. ‡tOur cup runneth over -- ‡tThe drip -- ‡tDon't worry, it's his sister -- ‡tBad parents -- ‡tThe cabin -- ‡tWine and roses -- ‡tTurkey shoot -- ‡tAllez-cous -- ‡tCarl's funeral -- ‡tHoneymoon -- ‡tLittle sister -- ‡tSurprise party -- ‡tTown for sale. |
| 505 | 0 | 0. | ‡gSeason 2. ‡tFinding David -- ‡tFamily dinner -- ‡tJazzgals -- ‡tEstate sale -- ‡tBob's bagels -- ‡tMoira vs. Town council -- ‡tThe candidate -- ‡tMilk money -- ‡tMoira's nudes -- ‡tRonnie's party -- ‡tThe motel guest -- ‡tLawn signs -- ‡tHappy anniversary. |
| 521 | 8 | . | ‡aTV rating: TV-MA. |
| 650 | 0. | ‡aFamilies ‡vDrama. ‡0(LARL_NWRL_CONSORTIUM)164935 | |
| 650 | 0. | ‡aSmall cities ‡vDrama. | |
| 650 | 0. | ‡aBankruptcy ‡vDrama. | |
| 650 | 0. | ‡aActors ‡vDrama. ‡0(LARL_NWRL_CONSORTIUM)163239 | |
| 650 | 7. | ‡2fast ‡0(LARL_NWRL_CONSORTIUM)12766 ‡aActors | |
| 650 | 7. | ‡2fast ‡aBankruptcy ‡0(LARL_NWRL_CONSORTIUM)177690 | |
| 650 | 7. | ‡aFamilies. ‡2fast ‡0(LARL_NWRL_CONSORTIUM)175985 | |
| 650 | 7. | ‡2fast ‡aSmall cities ‡0(LARL_NWRL_CONSORTIUM)162870 | |
| 655 | 7. | ‡aDrama. ‡2fast | |
| 655 | 7. | ‡aFiction television programs. ‡2fast ‡0(LARL_NWRL_CONSORTIUM)175627 | |
| 655 | 7. | ‡aTelevision comedies. ‡2fast ‡0(LARL_NWRL_CONSORTIUM)175737 | |
| 655 | 7. | ‡aTelevision programs for people with visual disabilities. ‡2fast ‡0(LARL_NWRL_CONSORTIUM)175638 | |
| 655 | 7. | ‡aTelevision programs for the hearing impaired. ‡2fast ‡0(LARL_NWRL_CONSORTIUM)175639 | |
| 655 | 7. | ‡aTelevision series. ‡2fast ‡0(LARL_NWRL_CONSORTIUM)175797 | |
| 655 | 7. | ‡aVideo recordings for the hearing impaired. ‡2fast ‡0(LARL_NWRL_CONSORTIUM)175744 | |
| 655 | 7. | ‡aTelevision comedies. ‡2lcgft ‡0(LARL_NWRL_CONSORTIUM)175737 | |
| 655 | 7. | ‡aTelevision series. ‡2lcgft ‡0(LARL_NWRL_CONSORTIUM)175797 | |
| 655 | 7. | ‡aFiction television programs. ‡2lcgft ‡0(LARL_NWRL_CONSORTIUM)175627 | |
| 655 | 7. | ‡aTelevision programs for the hearing impaired. ‡2lcgft ‡0(LARL_NWRL_CONSORTIUM)175639 | |
| 655 | 7. | ‡aTelevision programs for people with visual disabilities. ‡2lcgft ‡0(LARL_NWRL_CONSORTIUM)175638 | |
| 655 | 7. | ‡aVideo recordings for the hearing impaired. ‡2lcgft ‡0(LARL_NWRL_CONSORTIUM)175744 | |
| 700 | 1 | . | ‡aLevy, Daniel, ‡d1983- ‡escreenwriter. |
| 700 | 1 | . | ‡aWhite, Kevin, ‡escreenwriter. |
| 700 | 1 | . | ‡aShort, Michael, ‡d1937- ‡escreenwriter. |
| 700 | 1 | . | ‡aPozzebon, Chris, ‡escreenwriter. |
| 700 | 1 | . | ‡aWalsh, Amanda, ‡escreenwriter. |
| 700 | 1 | . | ‡aGrassi, Michael, ‡escreenwriter. |
| 700 | 1 | . | ‡aCicoritti, Gerard, ‡d1956- ‡edirector. ‡0(LARL_NWRL_CONSORTIUM)210710 |
| 700 | 1 | . | ‡aFox, Paul ‡c(Television director), ‡edirector. |
| 700 | 1 | . | ‡aLevy, Eugene, ‡d1946- ‡eactor. ‡0(LARL_NWRL_CONSORTIUM)144922 |
| 700 | 1 | . | ‡aO'Hara, Catherine, ‡eactor. ‡0(LARL_NWRL_CONSORTIUM)107495 |
| 700 | 1 | . | ‡aLevy, Daniel, ‡d1983- ‡eactor. |
| 700 | 1 | . | ‡aMurphy, Annie, ‡eactor. |
| 710 | 2 | . | ‡aNot A Real Company (Firm), ‡eproduction company. |
| 710 | 2 | . | ‡aCanadian Broadcasting Corporation, ‡eproduction company. ‡0(LARL_NWRL_CONSORTIUM)65010 |
| 901 | . | ‡a277266 ‡bOCoLC ‡c277266 ‡tbiblio ‡soclc | |

Add to basket
Permalink
Disable Highlighting